ბათუმის შოთა რუსთაველის სახელმწიფო უნივერსიტეტის ბიბლიოთეკა

საქართველოს ეკლესიის კალენდარი 2010=სათვეო კალენდარი=წმ. გრიგოლ ნოსელი "შესაქმისათვის კაცისა" (ქართული თარგმანები) / (ბიბ.ჩანაწერი № 59875)

000 -ლიდერი
ფიქსირებული სიგრძის საკონტროლო ველი 01331nam a22002177a 4500
003 - საკონტროლო ნომრის იდენტიფიკატორი
საკონტროლო ველი Ge_BSU
005 - ბოლო ოპერაციის თარიღი და დრო
საკონტროლო ველი 20230504100103.0
008 - ფიქსირებული სიგრძის მონაცემთა ელემენტები - ზოგადი ინფორმაცია
ფიქსირებული სიგრძის საკონტროლო ველი 230504s2009 ge ||||| |||| 00| 0 geo d
020 ## - წიგნის საერთაშორისო სტანდარტული ნომერი
International Standard Book Number 9789941912009
041 ## - ენის კოდი
Language code of text/sound track or separate title geo
080 ## - უნივერსალური ათობითი კლასიფიკაციის ინდექსი
Universal Decimal Classification number 27-564 ს-32
245 ## - ცნობა სათაურის შესახებ
Title საქართველოს ეკლესიის კალენდარი 2010=სათვეო კალენდარი=წმ. გრიგოლ ნოსელი "შესაქმისათვის კაცისა" (ქართული თარგმანები) /
Statement of responsibility, etc საქართველოს საპატრიარქო; შემდგენელი მღვ. თეიმურაზ ბარაბაძე.
264 ## - წარმოების, გამოცემის, დისტრიბუციის და სხვა ცნობები
გამოცემის, წარმოების, დისტრიბუციის... ადგილი თბილისი,
გამოცემის, წარმოების, დისტრიბუციის... თარიღი 2009.
300 ## - ფიზიკური აღწერა
Extent 327 გვ. ;
Other physical details 21 სმ.
500 ## - ზოგადი შენიშვნა
General note დაიბეჭდა საქველმოქმოქმედო ორგანიზაცია "სინერგიის" ფინანსური მხარდაჭერით
653 ## - INDEX TERM--UNCONTROLLED
Uncontrolled term რელიგია
653 ## - INDEX TERM--UNCONTROLLED
Uncontrolled term კალენდარი 2010
700 ## - ADDED ENTRY--PERSONAL NAME
Personal name ბარაბაძე, თეიმურაზ
Relator term შემდგენელი
9 (RLIN) 17942
710 ## - ADDED ENTRY--CORPORATE NAME
Corporate name or jurisdiction name as entry element საქართველოს საპატრიარქო
9 (RLIN) 17943
942 ## - ADDED ENTRY ELEMENTS (KOHA)
Source of classification or shelving scheme
Koha item type წიგნი
ეგზემპლარები
ჩამოწერის სტატუსი დაკარგული ეგზემპლარის სტატუსი კლასიფიკაციის წყარო ან თაროზე გაწყობის სქემა დაზიანების სტატუსი არ გაიცემა მუდმივი მდებარეობა (დაცვის ადგილი) ამჟამინდელი ადგილსამყოფელი თაროზე განთავსების ადგილი შეძენის თარიღი ღირებულება, შესყიდვის ნორმალური ფასი სრული შენახვის შიფრი შტრიხკოდი ბოლო ოპერაციის თარიღი ეგზემპლარის მიმდევრობითი ნომერი (კეტერი?) Uniform Resource Identifier ფასის ძალაში შესვლის თარიღი ეგზემპლარის სახეობა საჯარო შენიშვნა
          ბათუმის შოთა რუსთაველის სახელმწიფო უნივერსიტეტის მთავარი ბიბლიოთეკა ბათუმის შოთა რუსთაველის სახელმწიფო უნივერსიტეტის მთავარი ბიბლიოთეკა წიგნსაცავი 2023-05-04 7.00 27-564 ს-32 64358 2023-05-04 64358 ბსუ-ს საპატიო დოქტორის გურამ ლორთქიფანიძის საჩუქარი 2023-05-04 წიგნი 7 ლ.